Online Catalogue and eLibrary

Oru arasiyalin kathai (Record no. 3758)

MARC details
000 -LEADER
fixed length control field 00357nam a2200145Ia 4500
005 - DATE AND TIME OF LATEST TRANSACTION
control field 20250313151822.0
008 - FIXED-LENGTH DATA ELEMENTS--GENERAL INFORMATION
fixed length control field 240331s9999 xx 000 0 und d
082 ## - DDC Classification
Item Number - Author Mark GAN
Class No. 894
100 ## - MAIN ENTRY--PERSONAL NAME
Personal name Ganesalingam, S
245 #0 - TITLE STATEMENT
Title Oru arasiyalin kathai
260 ## - PUBLICATION, DISTRIBUTION, ETC.
Place of publication, distribution, etc. Vadapalani
Name of publisher, distributor, etc. Kumaran Publishers
Date of publication, distribution, etc. 1997
300 ## - PHYSICAL DESCRIPTION
Extent (e.g. Volumes, Pages etc.) 190 p .,
500 ## - GENERAL NOTE
General note A social Novel
942 ## - Koha item type (Biblio)
Koha item type Books in Stacks (Lending)
Holdings
Lost status Damaged status Collection code Home library Current library Shelving location Date acquired Full call number Accession Number Item type
    Lending WERC Library WERC Library Social Science Cupboard 03/31/2024 894.811 GAN 4490 Books in Stacks (Lending)

© WERC Library